000 00265nam a2200109Ia 4500
008 200302s9999 xx 000 0 und d
100 _aKen Yeang (Edi)
245 _aThe Mutiara Masterplan
260 _bImages Publishing, Austraila
260 _c2007
300 _a173 P
999 _c4924
_d4924